Vígasztaló gondolat
Elmentve itt :
| Szerző: | |
|---|---|
| Adatforrás: | Meister |
| Forrásdokumentuma: | A Hét. - 2 sz., 1994, 1 p. |
| Nyelv: | magyar |
| Kulcsszavak: | kisebbségtörténet Siculicidium Madefalva |
| LEADER | 00366nab a2200145 i 4500 | ||
|---|---|---|---|
| 001 | bibPRO00004530 | ||
| 008 | 060524s1994 xx hun | ||
| 040 | |a Sz1 | ||
| 041 | |a hun | ||
| 100 | 1 | |a FODOR Sándor | |
| 245 | 1 | 0 | |a Vígasztaló gondolat |c FODOR Sándor |
| 695 | |a kisebbségtörténet | ||
| 695 | |a Siculicidium | ||
| 695 | |a Madefalva | ||
| 773 | 0 | |t A Hét. - |g 2 sz., 1994, 1 p. | |